Normal view MARC view

Entry Nombre de reunión

Number of records used in: 1

001 - NÚMERO DE CONTROL

  • campo de control: 28377

003 - IDENTIFICADOR DEL NÚMERO DE CONTROL

  • campo de control: FranzMayer

005 - FECHA Y HORA DE LA ÚLTIMA TRANSACCIÓN

  • campo de control: 20220629151945.0

008 - DATOS DE LONGITUD FIJA

  • campo de control de longitud fija: 220629|| aca||aabn | a|a d

040 ## - FUENTE DE LA CATALOGACIÓN

  • Centro catalogador/agencia de origen: FranzMayer
  • Centro/agencia transcriptor: FranzMayer

111 ## - ENCABEZAMIENTO--NOMBRE DE CONGRESO/REUNIÓN

  • Nombre de congreso/reunión o jurisdicción como elemento de entrada: Coloquio Internacional El Viajero y la Ciudad
  • Fecha del congreso/reunión: 2007 :
  • Sede del congreso/Lugar de la reunión: Universidad Nacional Autónoma de México

670 ## - FUENTE DE DATOS ENCONTRADOS

  • Cita de la fuente: Work cat.: (FranzMayer)10795: Coloquio Internacional El Viajero y la Ciudad 2007 : Universidad Nacional Autónoma de México, El viajero y la ciudad /